000
00376nam a22001337a 4500
999
_c
13691
_d
13691
082
_a
954.90
_b
م ب ا
100
_a
مبارک علی، ڈاکٹر
245
_a
جاگیرداری
250
_a
اضافہ شدہ ایڈیشن
260
_a
فکشن ہاؤس
_b
لاہور
_c
١٩٩٦
300
_a
٢٦٠ صفحات
650
_a
Jageer dari , Mubarak Ali
942
_c
BK